| 000 | 00719nmc a2200265 a 4500 | ||
|---|---|---|---|
| 003 | AR-BaBNM | ||
| 005 | 20251128205045.0 | ||
| 008 | 226019s1993 ||||||||||||||000 | spa|| | ||
| 020 | _a950-602-276-8 | ||
| 040 | _cAR-BaBNM | ||
| 100 | 1 |
_aDurkheim, Emile _d1858-1917 |
|
| 245 | 1 | 0 | _aEscritos selectos |
| 260 |
_aBuenos Aires _bNueva Visión _c1993 |
||
| 300 | 0 | _a267 p. | |
| 490 | 0 | _aObras de referencia | |
| 650 | 4 | _aSOCIOLOGIA | |
| 650 | 4 | _aSOCIOLOGIA DE LAS CIENCIAS | |
| 650 | 4 | _aSOCIOLOGIA DE LA RELIGION | |
| 650 | 4 | _aSOCIOLOGIA POLITICA | |
| 650 | 4 | _aSOCIOLOGIA DE LA EDUCACION | |
| 700 | 1 |
_aGiddens, Anthony _ecompilador |
|
| 700 | 1 |
_aFigueira, Ricardo _etraductor |
|
| 942 | _cBK | ||
| 998 | _csilvi | ||
| 999 |
_c9816 _d9816 |
||